000 00411 a2200145 4500
082 _a005.7565 ORA
090 _c6884
_d6884
100 _aNeena kochhar
245 _aintroduction to oracle: SQL and PL/SQL
_cNeena kochhar
260 _bJerry Brosnan
_c1998
300 _axvi, 300p.
_c27cm.
650 _aPL/SQL (Computer program language)
650 _aSQL (Computer program language)
942 _cBK
_k005.7565 KOC
999 _c10706
_d10706